MARC

LEADER 00000nam0a2200000 4500
001 376885
005 20231102012846.0
010 |a 0471730556 
035 |a (RuTPU)RU\TPU\retro\34327 
090 |a 376885 
100 |a 20230120d1977 k y0engy50 ba 
101 0 |a eng 
102 |a US 
105 |a a z 001zy 
200 1 |a Noncoherent optical processing  |f G. L. Rogers 
210 |a New York  |c John Wiley & Sons, Inc.  |d 1977 
215 |a 176 p.  |c il. 
225 1 |a Wiley Series in pure and applied optics 
320 |a Index: p. 171-176 
606 1 |a Оптика  |2 stltpush  |3 (RuTPU)RU\TPU\subj\67665  |9 83386 
610 1 |a английский язык 
610 1 |a история 
610 1 |a световой поток 
610 1 |a прикладная оптика 
610 1 |a модуляция 
610 1 |a сигналы 
675 |a 535  |v 4 
700 1 |a Rogers  |b G. L. 
801 1 |a RU  |b 63413507  |c 20230120 
942 |c BK